Statistiques concernant Apprendre le REGEX 6. Choix entre deux possibilités avec le pipe: |

Cliquez ici pour prendre le quiz!

Statistiques générales

  • Ce quiz a été pris 15 fois
  • Le résultat moyen est 8 sur 10

Statistiques - réponses

HintRéponse% Correct
^MANCHESTER|LONDRES|LIVERPOOLManchester|Londres|Liverpool
100%
^ZAMBIE|ZIMBABWECitez un pays commençant par Z ...
91%
^([CK]AB[IY]|SOMA)LIEKabylie|Somalie
91%
^MAR(SEILLE|TINIQUE)Marseille|Martinique
91%
^(MICRO|POLY|MELA|MACARO)NESIEMicronésie|Polynésie|Mélanésie|Macaronésie
91%
^(OSC|CES)AROscar|César
91%
DESFOISCENESTPASNECESSAIREDUTILISERLEREGEXMais ça n'a aucun sens, ...
73%
([^AEIOU][AEIOU])+RIVE|ANT([AEIOU][^AEIOU])+OTananarive|Antanarivo
64%
[^BBB][VKOZ]JWQUF|[HGNB][^SDVJIO][YTFQBA]PMBNNAAttends, on parle dans les réponses maintenant ?
45%
^FJ[^VJ]+[(P|M)]+PP?(P?|MDD)[EP][EP]$Dans tous les cas, merci d'avoir suivi ces cours !
27%

Distribution des résultats

Percentile par nombre de réponses

% des personnes avec chaque résultat

Votre développement - résultats

Vous n’avez pas pris ce quiz